00851nam a22002297a 450000500170000001000130001702000220003003500130005203700160006504000120008108200150009310000180010824501530012626000460027927000640032530000200038949000590040950000520046865000230052065000580054370000200060120170124110213.0 aA-423194 c00.00a8170229148 aA-423194 bCen Lib/Ret aDPLbEN a324.6bAGR aAgarwal, S.P. aLok sabha and vidhan sabha elections, 1989-1990 :cby S. P. Agrawal [and] J. C. Aggarwalbprocess and result with comparative study of manifestoes / aNew DelhibConcept Publishing Housec1990 aA/15-16, Commercial Block, Mohan Garden bNew Delhie110059 a266p.c22cm(Hb) aConcepts in communication, informatics & librarianship aIncludes bibliographical references and index  aElections -- India aIndia. -- Parliament. -- Lok Sabha -- Elections, 1989 aAggarwal, J. C.